01158nam a2200241 a 4500001000900000005001700009008004100026020001500067040001800082050002400100245017100124260004500295300004200340500019100382500003400573500005000607504003200657650005100689650006200740650005100802700003400853700002900887BRCA_64620190320203108.0060914s2005 sp-a---##b---#001-0dspa-d a8489895147 aGZNcGZNdPL# 4aND811.S5b.D45 200510aDe Herrera a Velázquezbel primer naturalismo en Sevillacpreparación, edición y dirección científica Alfonso E. Pérez Sánchez, Benito Navarrete Prieto. aSevillabFundación Focus Abengoac2005 a317 p.bil. (algunas a color)c30 cm. aCatálogo de la exposición realizada en el Hospital de los Venerables (Sevilla), 29 noviembre, 2005 - 28 febrero, 2006 y en el Museo de Bellas Artes (Bilbao), 20 marzo - 28 mayo, 2006 aIncluye índice onomástico a2do. ejemplar en el Área de Investigación aBibliografía : p. 296-31114aPinturas españolasvExposicionesySiglo XVII14aPinturas españolasvExposicionesxInfluencias italianas14aNaturalismo en el artevExposicioneszEspaña1 aPérez Sánchez, Alfonso E.1 aNavarrete Prieto, Benito